000 00961nam a2200121Ia 4500
008 220615s9999||||xx |||||||||||||| ||und||
245 0 _aNostalgia and Hope: Intersections between Politics of Culture, Welfare, and Migration in Europe
546 _aEnglish[eng]
650 _aMigration||Political Science||Sociology of Migration||Open access||Migration and integration||Populism and radical right parties||Welfare and culture||Nexus of welfare, economy, and culture||Welfare and national identity||Diversity||Social movements||Party politics||Homeland and identity||Immigration||(In)equality||Politics of migration||Welfare politics||National identity||Politics of intersectional hope||Migration, immigration & emigration||Political science & theory
700 _aNorocel, Ov Cristian||Hellström, Anders||Jørgensen, Martin Bak
856 _uhttps://library.oapen.org/bitstream/20.500.12657/39537/1/2020_Book_NostalgiaAndHopeIntersectionsB.pdf
942 _cEB
999 _c18771
_d18771